000 00742nam a2200169 4500
001 133096
003 ES-MaACL
005 20240511063034.0
007 t|
008 070214s1927 sp r ||||1| spa d
100 1 _aRubiano Herrera, Santos,
_d1871-1930
_9100312
245 1 0 _aSanatorio de San José para enfermos mentales (Ciempozuelos-Madrid) de la Orden Hospitalaria de San Juan de Dios
_b: memoria sobre el estado actual y la evolución del establecimiento desde 1876... /
_cpor D. Santos Rubiano Herrera.
260 _aMadrid :
_b[s. n.],
_c1927 (
_fImp. del Asilo de Huerfános del S. C. de Jesús)
300 _a90 p., 8 lám. :
_bil. ;
_c28 cm +
_e1 map. pleg.
852 _aES-MaACL
_j1668-F-23
999 _c133096
_d133096